|
|
|
|
| LEADER |
00859nab a2200193 i 4500 |
| 001 |
univ2457 |
| 005 |
20171214084104.0 |
| 008 |
170606s1936 hu o 0|| hun d |
| 040 |
|
|
|a SZTE UnivHistória Repozitórium
|b hun
|
| 041 |
|
|
|a hun
|
| 041 |
|
|
|a fre
|
| 100 |
1 |
|
|a Benedek András
|
| 245 |
1 |
3 |
|a Az Ember tragédiája tárgytörténeti szempontból
|h [elektronikus dokumentum] /
|c Benedek András
|
| 260 |
|
|
|c 1936
|
| 300 |
|
|
|a 355-364
|
| 490 |
0 |
|
|a A szinpad [!színpad] : szinháztudományi [!színháztudományi] szemle : a Magyar Szinháztudományi [!Színháztudományi] és Szinpadművészeti [!Színpadművészeti] Társaság hivatalos lapja
|v 2
|
| 561 |
|
|
|a Szegedi Fiatalok Művészeti Kollégiuma
|
| 695 |
|
|
|a Madách Imre, Színháztudomány, Irodalomtudomány
|
| 856 |
4 |
0 |
|u http://univ.bibl.u-szeged.hu/2457/1/a_szinpad_002_355-364.pdf
|z Dokumentum-elérés
|